000 00888nam a2200277 a 4500
001 000022629
003 DO-SdBNP
005 20260210115647.0
007 ta
008 101014s2000 dr ac 000 0 spa d
040 _aDO-SdBNP
_bspa
_cBNPHU
082 4 _a364.1523
_bD542m
_222
100 1 _aDíaz, José
_99448
245 1 0 _aMártires por error /
_cJosé Díaz.
260 _aSanto Domingo :
_b[s.n.],
_c2000.
300 _a519 p. :
_bil., retrs. ;
_c22 cm.
500 _aIncluye datos biográficos del autor en las solapas
590 _aInventariado, 2018/BT
650 1 4 _aVíctimas de homicidio
_946569
650 1 0 _aAsesinato
_942986
650 1 4 _aProcesos por asesinato
_zRepública Dominicana
_946570
650 1 0 _aHomicidio político
_931686
651 1 0 _aRepública Dominicana
_xPolítica y gobierno
_945
910 _aValidado. Control de calidad. MFF
942 _2ddc
_cLBS1
999 _c22126
_d22126